[Event "Vandoeuvre op 5th"]
[Site "Vandoeuvre"]
[Date "2008.12.29"]
[Round "8"]
[White "Saatdjian, Stephane"]
[Black "Nonnenmacher, Daniel"]
[Result "1-0"]
[WhiteElo "1868"]
[BlackElo "1715"]
[PlyCount "65"]
[EventDate "2008.12.26"]
[EventType "swiss"]
[EventRounds "9"]
[EventCountry "FRA"]
[SourceTitle "CBM 127 Extra"]
[Source "ChessBase"]
[SourceDate "2009.01.08"]
[SourceVersion "2"]
[SourceVersionDate "2009.01.28"]
[SourceQuality "1"]

1. e4 e6 2. d4 d5 3. Nc3 Nf6 4. Bg5 Be7 5. e5 Nfd7 6. Bxe7 Qxe7 7. f4 c5 8. Nb5 0-0 9. Nc7 Nb6 10. Nxa8 Nxa8 11. c3 Nc6 12. Nf3 Nb6 13. Bd3 h6 14. 0-0 c4 15. Bc2 Bd7 16. Qe1 Qe8 17. Nh4 Ne7 18. f5 exf5 19. Nxf5 Nxf5 20. Bxf5 Bxf5 21. Rxf5 Qe6 22. Qf2 Nc8 23. Rf1 Ne7 24. Rf3 Ng6 25. Qg3 Qa6 26. a3 Qb6 27. R1f2 Qb3 28. h4 Qb6 29. Qg4 Ne7 30. Qd7 Ng6 31. Rxf7 Rxf7 32. Rxf7 Nxe5 33. Rxg7+ 1-0

[Event "FRA-ch U14"]
[Site "La Roche sur Yon"]
[Date "2008.04.22"]
[Round "2"]
[White "Saatdjian, Stephane"]
[Black "Sochacki, Christophe"]
[Result "0-1"]
[WhiteElo "1860"]
[BlackElo "2185"]
[PlyCount "70"]
[EventDate "2008.04.21"]
[EventType "swiss"]
[EventRounds "9"]
[EventCountry "FRA"]
[SourceTitle "EXT 2010"]
[Source "ChessBase"]
[SourceDate "2010.11.25"]
[SourceVersion "1"]
[SourceVersionDate "2010.11.25"]
[SourceQuality "1"]

1. e4 e6 2. d4 d5 3. exd5 exd5 4. Bd3 Bd6 5. Nf3 Ne7 6. 0-0 Nbc6 7. c3 Bg4 8. h3 Bh5 9. Re1 Qd7 10. Nbd2 0-0-0 11. b4 Rde8 12. b5 Nd8 13. a4 Ng6 14. Rxe8 Rxe8 15. Qc2 Nf4 16. Bf1 Bg6 17. Qb3 Ne2+ 18. Bxe2 Rxe2 19. Nf1 Bh5 20. Ne5 Bxe5 21. dxe5 Rxe5 22. Be3 Kb8 23. Ng3 f6 24. Bd4 Bf7 25. Bxe5 fxe5 26. Qc2 Bg6 27. Qe2 Qd6 28. Re1 Nf7 29. h4 h6 30. Qg4 e4 31. Qe2 Ne5 32. a5 Bf7 33. Rd1 Qf6 34. a6 Be6 35. Qa2 Ng4 0-1

[Event "FRA-chT2 East 0708"]
[Site "France"]
[Date "2008.03.16"]
[Round "9.6"]
[White "Saatdjian, Stephane"]
[Black "Ricter, Jean Paul"]
[Result "0-1"]
[WhiteElo "1881"]
[BlackElo "2148"]
[PlyCount "57"]
[EventDate "2007.10.21"]
[EventType "team"]
[EventRounds "11"]
[EventCountry "FRA"]
[SourceTitle "EXT 2009"]
[Source "ChessBase"]
[SourceDate "2008.11.26"]
[SourceVersion "1"]
[SourceVersionDate "2008.11.26"]
[SourceQuality "1"]
[WhiteTeam "Bischwiller II"]
[BlackTeam "Strasbourg II"]
[WhiteTeamCountry "FRA"]
[BlackTeamCountry "FRA"]

1. e4 d6 2. d4 Nf6 3. Nc3 Nbd7 4. f4 e5 5. Nf3 c6 6. Be2 Qc7 7. 0-0 Be7 8. Kh1 0-0 9. Qe1 exd4 10. Nxd4 Re8 11. Bf3 Nc5 12. Qg3 Bf8 13. Re1 Ne6 14. Be3 Nc5 15. Bg1 Kh8 16. Rad1 Bd7 17. Nb3 Nxb3 18. axb3 Rad8 19. Bd4 Ng8 20. Bh5 Bc8 21. f5 Nf6 22. Bxf6 gxf6 23. Qh4 Qe7 24. Bg4 Bg7 25. Re3 d5 26. Rh3 h6 27. Rdd3 dxe4 28. Rdg3 Qf8 29. Qh5 0-1

[Event "FRA-ch U12"]
[Site "Aix les Bains"]
[Date "2006.??.??"]
[Round "8"]
[White "Netzer, Jacques"]
[Black "Saatdjian, Stephane"]
[Result "1-0"]
[WhiteElo "1984"]
[BlackElo "1881"]
[PlyCount "31"]
[EventDate "2006.04.16"]
[EventType "swiss"]
[EventRounds "9"]
[EventCountry "FRA"]
[SourceTitle "EXT 2007"]
[Source "ChessBase"]
[SourceDate "2006.11.23"]
[SourceVersion "1"]
[SourceVersionDate "2006.11.23"]
[SourceQuality "1"]

1. d4 d5 2. Nf3 Nc6 3. e3 Bf5 4. Bb5 e6 5. c4 dxc4 6. Nbd2 Bb4 7. Qa4 Bxd2+ 8. Bxd2 Nge7 9. Ne5 0-0 10. Nxc6 Nxc6 11. Qxc4 Ne7 12. Qb3 c6 13. Be2 Qb6 14. Qa3 Nd5 15. Ba5 Nb4 16. Bxb4 1-0

[Event "Le Touquet op 20th"]
[Site "Le Touquet"]
[Date "2005.10.27"]
[Round "7"]
[White "Coudenis, Alexandre"]
[Black "Saatdjian, Stephane"]
[Result "1/2-1/2"]
[WhiteElo "1948"]
[BlackElo "1922"]
[PlyCount "28"]
[EventDate "2005.10.23"]
[EventType "swiss"]
[EventRounds "9"]
[EventCountry "FRA"]
[SourceTitle "EXT 2006"]
[Source "ChessBase"]
[SourceDate "2005.11.24"]
[SourceVersion "1"]
[SourceVersionDate "2005.11.24"]
[SourceQuality "1"]

1. d4 d5 2. c4 Nc6 3. cxd5 Qxd5 4. e3 e5 5. Nc3 Bb4 6. Bd2 Bxc3 7. Bxc3 exd4 8. exd4 Bf5 9. Qe2+ Nge7 10. Qc4 Qxc4 11. Bxc4 Be4 12. f3 Bd5 13. Bd3 0-0-0 14. Ne2 Rhe8 1/2-1/2